Artists With the Most Songs in the 1000 Most Viewed YouTube Videos - Statistics

General Stats
  • This quiz has been taken 158 times
  • The average score is 14 of 44
Answer Stats
Hint Answer % Correct
10 Taylor Swift
80%
12 Justin Bieber
78%
12 Rihanna
77%
13 Shakira
73%
15 Katy Perry
72%
6 Beyoncé
66%
12 BTS
65%
7 Ed Sheeran
60%
6 Adele
56%
12 Eminem
56%
10 Ariana Grande
46%
5 Michael Jackson
46%
11 Blackpink
43%
5 Dua Lipa
41%
9 The Weeknd
41%
12 Bad Bunny
37%
8 One Direction
37%
11 Bruno Mars
34%
8 Coldplay
33%
9 Daddy Yankee
28%
5 David Guetta
28%
5 Sia
27%
7 Enrique Iglesias
22%
6 Pitbull
21%
8 Calvin Harris
20%
7 Post Malone
20%
10 J Balvin
19%
11 Karol G
17%
11 Maroon 5
16%
6 Imagine Dragons
14%
10 Ozuna
13%
5 Alan Walker
11%
5 The Black Eyed Peas
11%
5 Charlie Puth
10%
9 Maluma
10%
5 XXXTENTACION
8%
5 Guns N' Roses
7%
5 Marshmello
7%
6 Nicky Jam
6%
6 Meghan Trainor
5%
5 Rauw Alejandro
5%
5 Guru Randhawa
2%
7 Romeo Santos
2%
6 Wisin
2%
No matching quizzes found
Score Distribution
Percent of People with Each Score
Percentile by Number Answered
Your Score History
You have not taken this quiz